Pays qui commencent par la lettre T - Statistiques

Statistiques générales
  • Ce quiz a été pris 1 124 fois
    1 110 depuis la dernière actualisation
  • Le résultat moyen est 11 sur 14
Statistiques - réponses
Continent Pays % Correct
Asie Turquie
94%
Afrique Tanzanie
86%
Afrique Togo
86%
Afrique Tunisie
83%
Asie Turkménistan
83%
Asie Thaïlande
79%
Asie Tadjikistan
75%
Amérique Trinité-et-Tobago
74%
Océanie Tuvalu
72%
Asie Taiwan
68%
Océanie Tonga
68%
Europe République Tchèque
66%
Afrique Tchad
65%
Asie Timor Oriental
61%
Aucun quiz correspondant
Distribution des résultats
% des personnes avec chaque résultat
Percentile par nombre de réponses
Votre historique - résultats
Vous n’avez pas pris ce quiz depuis la dernière actualisation